000 00481nam a2200181Ia 4500
005 20250423100706.0
008 250422s9999 xx 000 0 und d
020 _a9780131739857
050 _aBF 121 .K73/
100 _aKrause, Mark
245 0 _aPsychological science: modeling scientific literacy
260 _aNew York
260 _bPearson Education, Inc.
260 _c2012
300 _a651 p
650 _a Psychology. Psychology--Study and teaching.
942 _cBK
999 _c34079
_d34079